| 000 | 01807nam a2200373 i 4500 | ||
|---|---|---|---|
| 001 | 11935 | ||
| 003 | ES-MaACL | ||
| 005 | 20250728182842.0 | ||
| 007 | t| | ||
| 008 | 970113m1969 sp a e |||| |dspa d | ||
| 020 | _a84-7025-147-3 | ||
| 080 | _a908(460.15)(031) | ||
| 080 | _a821.361.09 | ||
| 080 | _a03=6(460.15) | ||
| 245 | 0 | 0 |
_aEnciclopedia general ilustrada del País Vasco. _nCuerpo B, _pEnciclopedia sistemática. |
| 246 | 3 | 0 |
_aEnciclopedia sistemática. _pArte, lengua y literatura |
| 246 | 3 | 0 |
_aEnciclopedia sistemática. _pJuegos y deportes vascos |
| 246 | 3 | 0 |
_aEnciclopedia sistemática. _pHistoria general de Euskalerria |
| 260 |
_aSan Sebastián : _bAuñamendi, _c1969- |
||
| 300 |
_av. : _bil. ; _c28 cm. |
||
| 504 | _aReferencias bibliográficas. | ||
| 505 | 8 |
_aContiene: ; _tLiteratura / _rBernardo Estornés Lasa (v. 1-5). -- _tJuegos y deportes vascos / _rRafael Aguirre Franco (v. 6). -- _tEtnología y sociología de los vascos / _rB. Estornés Lasa (v. 7) |
|
| 505 | 8 |
_aHistoria general de Euskalerria: ; _tPrehistoria: Paleolítico / _rIgnacio Barandiarán Maestu (v. 1). -- _tÉpoca romana, 221 a. de C.-476 d. de C. / _rB. Estornés Lasa (v. 2). -- _tÉpoca romana: estudios (v. 3) ; _tÉpoca vascona, 476-824 / _rB. Estornés Lasa (v. 4). -- _tÉpoca pamplonesa, 824-1234 / _rB. Estornés Lasa (v. 5-6-7) |
|
| 546 | _aTexto en castellano y vasco. | ||
| 650 | 0 | 4 |
_aLiteratura vasca- _xHistoria y crítica. _914670 |
| 651 | 4 |
_aPaís Vasco- _vEnciclopedias. _99151 |
|
| 651 | 4 |
_aPaís Vasco- _xHistoria. _99152 |
|
| 700 | 1 |
_aEstornés Lasa, Bernardo, _d1907-1999 _948183 |
|
| 700 | 1 |
_aAguirre Franco, Rafael. _918875 |
|
| 700 | 1 |
_aBarandiarán, Ignacio. _925309 |
|
| 710 | 2 |
_aAuñamendi. _9161483 |
|
| 852 |
_aES-MaACL _jJ-81 _xP-369 _d |
||
| 999 |
_c11935 _d11935 |
||